[Event "Dos Hermanas op 5th"]
[Site "Dos Hermanas"]
[Date "2006.04.05"]
[Round "7"]
[White "Rodriguez Aguilera, Antonio"]
[Black "Kononenko, Tatiana"]
[Result "1/2-1/2"]
[WhiteElo "2231"]
[BlackElo "2417"]
[PlyCount "33"]
[EventDate "2006.03.30"]
[EventType "swiss"]
[EventRounds "9"]
[EventCountry "ESP"]
[SourceTitle "CBM 111 Extra"]
[Source "ChessBase"]
[SourceDate "2006.05.09"]
[SourceVersion "1"]
[SourceVersionDate "2006.05.09"]
[SourceQuality "1"]

1. Nf3 d5 2. g3 c6 3. Bg2 Bg4 4. 0-0 Nd7 5. c4 e6 6. b3 Ngf6 7. Bb2 Bd6 8. d4 0-0 9. Nbd2 Qb8 10. Re1 b5 11. e4 Bb4 12. e5 Ne4 13. Nxe4 Bxe1 14. Qxe1 dxe4 15. Qxe4 Bxf3 16. Bxf3 Rc8 17. d5 1/2-1/2

[Event "Dos Hermanas op 5th"]
[Site "Dos Hermanas"]
[Date "2006.04.02"]
[Round "4"]
[White "Lalic, Bogdan"]
[Black "Rodriguez Aguilera, Antonio"]
[Result "1-0"]
[WhiteElo "2488"]
[BlackElo "2231"]
[PlyCount "57"]
[EventDate "2006.03.30"]
[EventType "swiss"]
[EventRounds "9"]
[EventCountry "ESP"]
[SourceTitle "CBM 111 Extra"]
[Source "ChessBase"]
[SourceDate "2006.05.09"]
[SourceVersion "1"]
[SourceVersionDate "2006.05.09"]
[SourceQuality "1"]

1. d4 Nf6 2. c4 d6 3. Nf3 Bg4 4. Nc3 Nbd7 5. d5 e5 6. dxe6 Bxe6 7. e4 Be7 8. Nd4 0-0 9. Be2 Nc5 10. f3 a5 11. 0-0 c6 12. Be3 Re8 13. Qd2 a4 14. Rab1 Bf8 15. Rfd1 Qc7 16. b4 axb3 17. axb3 d5 18. b4 Na4 19. Nxa4 Rxa4 20. cxd5 Bxd5 21. exd5 Nxd5 22. Bf2 Bxb4 23. Qc2 Nc3 24. Bc4 b5 25. Re1 Rea8 26. Rxb4 Rxb4 27. Bd3 Nd5 28. Nxc6 Qf4 29. Nxb4 1-0

[Event "Dos Hermanas op 4th"]
[Site "Dos Hermanas"]
[Date "2004.04.02"]
[Round "9"]
[White "Lalic, Bogdan"]
[Black "Rodriguez Aguilera, Antonio"]
[Result "1-0"]
[WhiteElo "2518"]
[BlackElo "2296"]
[PlyCount "93"]
[EventDate "2004.03.25"]
[EventType "swiss"]
[EventRounds "9"]
[EventCountry "ESP"]
[SourceTitle "CBM 099 Extra"]
[Source "ChessBase"]
[SourceDate "2004.05.04"]
[SourceVersion "1"]
[SourceVersionDate "2004.05.04"]
[SourceQuality "1"]

1. d4 Nf6 2. c4 c5 3. d5 e6 4. Nf3 exd5 5. cxd5 d6 6. Nc3 g6 7. Bf4 a6 8. e4 Bg7 9. a4 0-0 10. Be2 Bg4 11. Nd2 Bxe2 12. Qxe2 Nh5 13. Be3 Nd7 14. 0-0 Qc7 15. a5 Rae8 16. g4 Nhf6 17. f3 Kh8 18. Kh1 Ng8 19. Rg1 Ne7 20. g5 f5 21. gxf6 Nxf6 22. f4 Nh5 23. f5 Nf6 24. Qg2 Rf7 25. Nc4 Nd7 26. Bf4 Ne5 27. Bxe5 Bxe5 28. Nxe5 dxe5 29. Rad1 Qd6 30. Na4 gxf5 31. Nb6 Rg8 32. Qf2 Rxg1+ 33. Rxg1 Qf6 34. Nd7 Qd6 35. Nxc5 Ng6 36. Ne6 Qb4 37. Ng5 Rf6 38. Qc2 fxe4 39. Qc7 Qe7 40. d6 Qxc7 41. dxc7 Rc6 42. Rd1 Kg7 43. Rd7+ Kh6 44. Nxe4 Rc1+ 45. Kg2 Nh4+ 46. Kh3 Nf5 47. Nc3 1-0

[Event "Dos Hermanas op 4th"]
[Site "Dos Hermanas"]
[Date "2004.03.28"]
[Round "4"]
[White "Ingunza Lopez, Txema"]
[Black "Rodriguez Aguilera, Antonio"]
[Result "1/2-1/2"]
[WhiteElo "1997"]
[BlackElo "2296"]
[PlyCount "48"]
[EventDate "2004.03.25"]
[EventType "swiss"]
[EventRounds "9"]
[EventCountry "ESP"]
[SourceTitle "CBM 099 Extra"]
[Source "ChessBase"]
[SourceDate "2004.05.04"]
[SourceVersion "1"]
[SourceVersionDate "2004.05.04"]
[SourceQuality "1"]

1. e4 c5 2. Nf3 Nc6 3. d4 cxd4 4. Nxd4 Nf6 5. Nc3 d6 6. Bg5 e6 7. Qd2 Be7 8. 0-0-0 0-0 9. f4 a6 10. Be2 Bd7 11. Nf3 Be8 12. h4 h6 13. Bxf6 Bxf6 14. Qxd6 Bxc3 15. Qxd8 Bxb2+ 16. Kxb2 Rxd8 17. Rxd8 Nxd8 18. Rd1 Nc6 19. Rd6 Ne7 20. Ne5 Nc8 21. Rd8 Ba4 22. Rd4 Be8 23. Rd8 Ba4 24. Rd4 Be8 1/2-1/2

[Event "Dos Hermanas-C"]
[Site "Dos Hermanas"]
[Date "2003.04.01"]
[Round "4"]
[White "Razmyslov, Alexander"]
[Black "Rodriguez Aguilera, Antonio"]
[Result "0-1"]
[WhiteElo "2345"]
[BlackElo "2297"]
[PlyCount "90"]
[EventDate "2003.03.28"]
[EventType "tourn"]
[EventRounds "9"]
[EventCountry "ESP"]
[EventCategory "4"]
[SourceTitle "CBM 093 Extra"]
[Source "ChessBase"]
[SourceDate "2003.05.09"]
[SourceVersion "1"]
[SourceVersionDate "2003.05.09"]
[SourceQuality "1"]

1. d4 Nf6 2. Bg5 Ne4 3. Bf4 c5 4. dxc5 Nxc5 5. Nc3 Nc6 6. e4 g6 7. Qd2 Bg7 8. Bc4 d6 9. Nge2 Be6 10. Bxe6 Nxe6 11. Bh6 Bxh6 12. Qxh6 Qa5 13. 0-0 Qg5 14. Qh3 0-0 15. Rad1 f5 16. f4 Qf6 17. Ng3 Ng7 18. exf5 Nxf5 19. Nge4 Qg7 20. Ng5 Nfd4 21. Rf2 Rf5 22. Qe3 e5 23. Nce4 exf4 24. Qa3 d5 25. Nc5 Rxg5 26. c3 b6 27. cxd4 bxc5 28. dxc5 Re8 29. b4 Rge5 30. Rxf4 Re1+ 31. Rxe1 Rxe1+ 32. Kf2 Qe5 33. Qf3 Re2+ 34. Kf1 Rxa2 35. Rf8+ Kg7 36. Rf7+ Kh6 37. Qf4+ Qxf4+ 38. Rxf4 Rb2 39. Rf7 Nxb4 40. Rxa7 Nd3 41. Ra1 Rf2+ 42. Kg1 Rc2 43. Rd1 Nf4 44. g3 Nh3+ 45. Kf1 Rxc5 0-1

[Event "Dos Hermanas IM"]
[Site "Dos Hermanas"]
[Date "2001.04.26"]
[Round "8"]
[White "Fernandez Romero, Ernesto"]
[Black "Rodriguez Aguilera, Antonio"]
[Result "1-0"]
[WhiteElo "2339"]
[BlackElo "2295"]
[PlyCount "69"]
[EventDate "2001.04.19"]
[EventType "tourn"]
[EventRounds "9"]
[EventCountry "ESP"]
[EventCategory "4"]
[SourceTitle "CBM 082 Extra"]
[Source "ChessBase"]
[SourceDate "2001.07.03"]
[SourceVersion "1"]
[SourceVersionDate "2001.07.03"]
[SourceQuality "1"]

1. e4 c5 2. Nf3 Nc6 3. d4 cxd4 4. Nxd4 Nf6 5. Nc3 d6 6. Bg5 e6 7. Bb5 Bd7 8. Bxc6 bxc6 9. Qf3 e5 10. Nf5 h6 11. Bh4 g5 12. Bg3 g4 13. Qd3 Bxf5 14. exf5 Be7 15. 0-0-0 Qc7 16. h3 0-0-0 17. hxg4 Nxg4 18. Kb1 Rhg8 19. Qe2 Kb7 20. f4 Ka8 21. fxe5 dxe5 22. Ne4 Rb8 23. b3 Rb5 24. Qf3 Qb7 25. f6 Ba3 26. c4 Ra5 27. Rh4 Qc8 28. Be1 Ra6 29. Bc3 Rb6 30. c5 Ra6 31. Qd3 Qf5 32. Rh3 Rb8 33. Rf3 Qh7 34. Re1 Ra4 35. Qd7 1-0

[Event "Dos Hermanas IM"]
[Site "Dos Hermanas"]
[Date "2001.04.21"]
[Round "3"]
[White "Franco Ocampos, Zenon"]
[Black "Rodriguez Aguilera, Antonio"]
[Result "1/2-1/2"]
[WhiteElo "2496"]
[BlackElo "2295"]
[PlyCount "104"]
[EventDate "2001.04.19"]
[EventType "tourn"]
[EventRounds "9"]
[EventCountry "ESP"]
[EventCategory "4"]
[SourceTitle "CBM 082 Extra"]
[Source "ChessBase"]
[SourceDate "2001.07.03"]
[SourceVersion "1"]
[SourceVersionDate "2001.07.03"]
[SourceQuality "1"]

1. c4 Nf6 2. g3 g6 3. Bg2 Bg7 4. Nc3 c5 5. a3 Nc6 6. Rb1 a5 7. Nf3 0-0 8. 0-0 Rb8 9. d4 Nxd4 10. Nxd4 cxd4 11. Qxd4 d6 12. Qd3 Be6 13. b3 Nd7 14. Bb2 Nc5 15. Qc2 Qd7 16. Rfd1 Rfc8 17. a4 Qd8 18. Nb5 Qf8 19. Bxg7 Qxg7 20. Qd2 Ra8 21. Qe3 Qf6 22. h4 h5 23. Bf3 Bd7 24. Nc3 Bc6 25. Nd5 Bxd5 26. Rxd5 Ra6 27. Rg5 Rb6 28. Bxh5 Nxa4 29. Rxa5 Nc5 30. Bg4 e6 31. Kg2 Nd7 32. Rba1 Kg7 33. h5 Nc5 34. R1a3 Rh8 35. hxg6 Qxg6 36. Bf3 Qh7 37. Qg5+ Qg6 38. Qxg6+ Kxg6 39. Rb5 Rxb5 40. cxb5 d5 41. b4 Nd7 42. Ra7 Rb8 43. e4 d4 44. Be2 e5 45. f4 f6 46. Bc4 Nb6 47. Be6 Kg7 48. Kf3 Kf8 49. Kg4 Ke7 50. Kf5 exf4 51. gxf4 d3 52. Ra1 Rh8 1/2-1/2

[Event "Seville op"]
[Site "Seville"]
[Date "1994.??.??"]
[Round "8"]
[White "Rodriguez Aguilera, Antonio"]
[Black "Martinovsky, Eugene Simeon"]
[Result "1-0"]
[WhiteElo "2295"]
[BlackElo "2325"]
[PlyCount "125"]
[EventDate "1994.01.??"]
[EventType "swiss"]
[EventRounds "9"]
[EventCountry "ESP"]
[SourceTitle "TD"]
[Source "ChessBase"]
[SourceDate "1994.03.01"]
[SourceVersion "1"]
[SourceVersionDate "1994.03.01"]
[SourceQuality "1"]

1. Nf3 Nf6 2. g3 g6 3. Bg2 Bg7 4. 0-0 0-0 5. d3 d5 6. Nbd2 Nc6 7. c3 e5 8. Qc2 Re8 9. e4 a5 10. a4 h6 11. Re1 Be6 12. Nb3 dxe4 13. dxe4 Qe7 14. Nfd2 Nd7 15. Nf1 Red8 16. Be3 b6 17. Rad1 f6 18. Nfd2 Qf7 19. Bf1 Bf8 20. Be2 Kh7 21. f3 Be7 22. Kg2 Nf8 23. Nc1 Nb8 24. b3 Na6 25. Bc4 Nc5 26. Bxe6 Qxe6 27. Nf1 Qc6 28. Bf2 Qe6 29. Ne3 c6 30. h4 h5 31. Rxd8 Rxd8 32. Rd1 Nfd7 33. b4 axb4 34. cxb4 Na6 35. b5 Nb4 36. Qb3 Qxb3 37. Nxb3 Nf8 38. bxc6 Nxc6 39. Nd5 Ra8 40. Nxb6 Rb8 41. Rc1 Nd4 42. Nxd4 Rxb6 43. Rc7 exd4 44. Rxe7+ Kg8 45. Bxd4 Rd6 46. Be3 Nd7 47. Bf4 Rd4 48. a5 Kf8 49. Re6 Kf7 50. Rd6 Rxd6 51. Bxd6 Ke6 52. Bc7 Nc5 53. Bb6 Na6 54. Kf2 f5 55. Ke3 Ke5 56. Bd4+ Ke6 57. Kf4 fxe4 58. Kxe4 Kd6 59. Kf4 Nb4 60. Kg5 Nc6 61. Bc3 Kc5 62. Kxg6 Kc4 63. Be1 1-0

[Event "Seville op"]
[Site "Seville"]
[Date "1994.??.??"]
[Round "3"]
[White "Strikovic, Aleksa"]
[Black "Rodriguez Aguilera, Antonio"]
[Result "1-0"]
[WhiteElo "2495"]
[BlackElo "2295"]
[PlyCount "81"]
[EventDate "1994.01.??"]
[EventType "swiss"]
[EventRounds "9"]
[EventCountry "ESP"]
[SourceTitle "TD"]
[Source "ChessBase"]
[SourceDate "1994.03.01"]
[SourceVersion "1"]
[SourceVersionDate "1994.03.01"]
[SourceQuality "1"]

1. e4 c5 2. d3 Nc6 3. g3 g6 4. Bg2 Bg7 5. f4 e6 6. Nf3 Nge7 7. 0-0 d5 8. c3 0-0 9. e5 b5 10. d4 cxd4 11. cxd4 Qb6 12. Be3 Ba6 13. Nc3 Rfc8 14. Bf2 Rc7 15. g4 b4 16. Na4 Qa5 17. Re1 Rac8 18. Nc5 Bf8 19. Nxa6 Qxa6 20. Bf1 Qb6 21. Bd3 b3 22. a3 Na5 23. Re2 Nc4 24. f5 exf5 25. gxf5 Nxf5 26. Bxf5 gxf5 27. Bh4 Bh6 28. Qd3 Rc6 29. Bf6 Rxf6 30. exf6 Qxf6 31. Ne5 Kh8 32. Kh1 Bf4 33. Nd7 Qh6 34. Qxf5 Nd6 35. Qf6+ Qxf6 36. Nxf6 Bg5 37. Nxd5 Rc2 38. Rae1 Nc4 39. Nb4 Rxe2 40. Rxe2 Be3 41. Nd3 1-0

[Event "Seville op"]
[Site "Seville"]
[Date "1993.??.??"]
[Round "?"]
[White "Anguix Garrido, Juan Francisco"]
[Black "Rodriguez Aguilera, Antonio"]
[Result "1-0"]
[WhiteElo "2340"]
[BlackElo "2305"]
[PlyCount "37"]
[EventDate "1993.01.??"]
[EventType "swiss"]
[EventRounds "10"]
[EventCountry "ESP"]
[SourceTitle "EXT 1998"]
[Source "ChessBase"]
[SourceDate "1997.11.17"]
[SourceVersion "1"]
[SourceVersionDate "1997.11.17"]
[SourceQuality "1"]

1. d4 d5 2. c4 e6 3. Nf3 Nf6 4. Bg5 Nbd7 5. Nc3 Be7 6. Qc2 0-0 7. e3 b6 8. cxd5 exd5 9. Bd3 Bb7 10. 0-0 c5 11. Rfd1 Rc8 12. Bf5 g6 13. Bh3 cxd4 14. Rxd4 Ne4 15. Bxe7 Qxe7 16. Bxd7 Qxd7 17. Qxe4 dxe4 18. Rxd7 Bc6 19. Ne5 1-0

[Event "Seville op"]
[Site "Seville"]
[Date "1993.??.??"]
[Round "8"]
[White "Westerinen, Heikki MJ"]
[Black "Rodriguez Aguilera, Antonio"]
[Result "1-0"]
[WhiteElo "2380"]
[BlackElo "2305"]
[PlyCount "89"]
[EventDate "1993.01.??"]
[EventType "swiss"]
[EventRounds "10"]
[EventCountry "ESP"]
[SourceTitle "TD"]
[Source "ChessBase"]
[SourceDate "1994.03.01"]
[SourceVersion "1"]
[SourceVersionDate "1994.03.01"]
[SourceQuality "1"]

1. e4 c5 2. Nc3 Nc6 3. Nge2 g6 4. g3 Bg7 5. Bg2 e6 6. d3 Nge7 7. Be3 Nd4 8. Qd2 d6 9. 0-0 0-0 10. Rab1 Rb8 11. b4 b6 12. bxc5 dxc5 13. Nb5 Nxb5 14. Rxb5 Bd7 15. Rbb1 Qc7 16. Bh6 Nc6 17. Bxg7 Kxg7 18. c3 Rbd8 19. d4 Na5 20. Qd3 Bc6 21. d5 exd5 22. exd5 Be8 23. Nf4 Nb7 24. Rfe1 Nd6 25. Re5 Kg8 26. c4 Ba4 27. Qc3 Rde8 28. Nh5 f6 29. Rxe8 Nxe8 30. Nf4 Bd7 31. Re1 Nd6 32. h4 Re8 33. h5 Rxe1+ 34. Qxe1 g5 35. Ne6 Bxe6 36. Qxe6+ Nf7 37. Qxf6 Qe5 38. Qc6 Qe1+ 39. Bf1 Ne5 40. Qe8+ Kg7 41. Qe7+ Kh6 42. Qf6+ Kxh5 43. Qf5 Kh6 44. d6 Nc6 45. Qf6+ 1-0

[Event "Ponferrada op"]
[Site "Ponferrada"]
[Date "1992.??.??"]
[Round "?"]
[White "Rodriguez Talavera, Juan Carlos"]
[Black "Rodriguez Aguilera, Antonio"]
[Result "1-0"]
[WhiteElo "2360"]
[BlackElo "2310"]
[PlyCount "107"]
[EventDate "1992.08.??"]
[EventType "swiss"]
[EventRounds "9"]
[EventCountry "ESP"]
[SourceTitle "EXT 2000"]
[Source "ChessBase"]
[SourceDate "1999.11.16"]
[SourceVersion "1"]
[SourceVersionDate "1999.11.16"]
[SourceQuality "1"]

1. e4 Nf6 2. Nc3 d5 3. e5 Ne4 4. Nce2 d4 5. c3 Nc6 6. Nxd4 Nxd4 7. Qa4+ c6 8. Qxd4 Qxd4 9. cxd4 Ng5 10. Bc4 Bf5 11. d3 Ne6 12. Nf3 0-0-0 13. Be3 h6 14. Rc1 g5 15. h3 Kb8 16. g4 Bg6 17. Bxe6 fxe6 18. Ke2 Bg7 19. Nd2 Rc8 20. b4 Rhd8 21. Ne4 b6 22. Rc3 Kb7 23. Rhc1 Rd5 24. Nd2 a5 25. a3 Be8 26. Nc4 axb4 27. axb4 Ra8 28. Ra3 Rb5 29. Bd2 Rxa3 30. Nxa3 Rd5 31. Be3 Bg6 32. Rc3 Be8 33. Nc4 Rd8 34. Ra3 Bd7 35. Ra1 Rf8 36. Bd2 Bc8 37. Rh1 Kc7 38. h4 Bb7 39. hxg5 c5 40. Rh3 cxd4 41. gxh6 Bh8 42. f4 Bc6 43. g5 Be8 44. Rh1 Bg6 45. Ra1 b5 46. Na5 Bh5+ 47. Ke1 Bg6 48. Rc1+ Kd7 49. Nb3 Bf5 50. Nxd4 Bxd3 51. Rc7+ Kxc7 52. Nxe6+ Kd7 53. Nxf8+ Ke8 54. Ne6 1-0

[Event "Andalucia-chT"]
[Site "Granada"]
[Date "1991.??.??"]
[Round "2"]
[White "Pastor Pons, Carlos Luis"]
[Black "Rodriguez Aguilera, Antonio"]
[Result "1-0"]
[WhiteElo "2280"]
[BlackElo "2350"]
[PlyCount "71"]
[EventDate "1991.??.??"]
[EventType "team"]
[EventRounds "9"]
[EventCountry "ESP"]
[SourceTitle "EXT 2000"]
[Source "ChessBase"]
[SourceDate "1999.11.16"]
[SourceVersion "1"]
[SourceVersionDate "1999.11.16"]
[SourceQuality "1"]

1. e4 c5 2. Nf3 d6 3. d4 cxd4 4. Nxd4 Nf6 5. Nc3 a6 6. Be2 e6 7. 0-0 Be7 8. a4 0-0 9. f4 Qc7 10. Kh1 Nc6 11. Be3 Bd7 12. Nb3 b6 13. Bf3 Rab8 14. g4 h6 15. h4 Kh7 16. g5 Ng8 17. Rg1 d5 18. exd5 Nb4 19. Be4+ Kh8 20. gxh6 g6 21. Bd4+ Bf6 22. h7 Qxf4 23. hxg8Q+ Kxg8 24. Rg4 Qd6 25. Bxg6 Bxd4 26. Qxd4 e5 27. Bf5+ Kh8 28. Qe4 Nxd5 29. Nxd5 Bc6 30. c4 b5 31. Rg5 Qh6 32. Qg4 Rg8 33. Rh5 Rxg4 34. Rxh6+ Kg7 35. Bxg4 Kxh6 36. axb5 1-0

[Event "Marchena"]
[Site "Marchena"]
[Date "1991.??.??"]
[Round "6"]
[White "Piza Cortizo, Daniel Ricardo"]
[Black "Rodriguez Aguilera, Antonio"]
[Result "1/2-1/2"]
[WhiteElo "2325"]
[BlackElo "2325"]
[PlyCount "38"]
[EventDate "1991.??.??"]
[EventType "tourn"]
[EventRounds "9"]
[EventCountry "ESP"]
[SourceTitle "EXT 2002"]
[Source "ChessBase"]
[SourceDate "2001.11.25"]
[SourceVersion "1"]
[SourceVersionDate "2001.11.25"]
[SourceQuality "1"]

1. d4 d6 2. c4 e5 3. Nf3 Nc6 4. d5 Nce7 5. e4 g6 6. c5 Bg7 7. cxd6 cxd6 8. Bb5+ Kf8 9. 0-0 f5 10. Nc3 Nf6 11. Bc4 h6 12. exf5 Nxf5 13. Nd2 Kg8 14. Nde4 Kh7 15. a4 Rf8 16. Ra3 Bd7 17. Re1 Qc7 18. Bb5 Rac8 19. Bxd7 Qxd7 1/2-1/2

[Event "Marchena"]
[Site "Marchena"]
[Date "1991.??.??"]
[Round "1"]
[White "Rodriguez Aguilera, Antonio"]
[Black "Garcia Luque, Agustin"]
[Result "1/2-1/2"]
[WhiteElo "2325"]
[BlackElo "2345"]
[PlyCount "48"]
[EventDate "1991.??.??"]
[EventType "tourn"]
[EventRounds "9"]
[EventCountry "ESP"]
[SourceTitle "EXT 2002"]
[Source "ChessBase"]
[SourceDate "2001.11.25"]
[SourceVersion "1"]
[SourceVersionDate "2001.11.25"]
[SourceQuality "1"]

1. g3 g6 2. Bg2 Bg7 3. c4 c5 4. Nc3 Nc6 5. a3 e6 6. Rb1 Nge7 7. b4 0-0 8. Nf3 d5 9. bxc5 dxc4 10. 0-0 Bxc3 11. dxc3 Nd5 12. Bd2 Qa5 13. e4 Nde7 14. Qe2 Qxa3 15. Qe3 Qa5 16. e5 Rd8 17. g4 Rd3 18. Qh6 Rxf3 19. Bxf3 Qxc5 20. Bg5 Qxe5 21. Qh4 Qxc3 22. Bxc6 Nxc6 23. Bf6 Qf3 24. g5 e5 1/2-1/2

[Event "Marchena"]
[Site "Marchena"]
[Date "1991.??.??"]
[Round "3"]
[White "Rodriguez Aguilera, Antonio"]
[Black "Izeta Txabarri, Felix"]
[Result "0-1"]
[WhiteElo "2325"]
[BlackElo "2380"]
[PlyCount "87"]
[EventDate "1991.??.??"]
[EventType "tourn"]
[EventRounds "9"]
[EventCountry "ESP"]
[SourceTitle "EXT 2002"]
[Source "ChessBase"]
[SourceDate "2001.11.25"]
[SourceVersion "1"]
[SourceVersionDate "2001.11.25"]
[SourceQuality "1"]

1. g3 d5 2. Nf3 c5 3. Bg2 Nc6 4. d3 e5 5. 0-0 Nf6 6. e4 dxe4 7. dxe4 Qxd1 8. Rxd1 Bg4 9. c3 Be7 10. h3 Bh5 11. Re1 Nd7 12. Nbd2 f6 13. Nh4 Bf7 14. Nf5 0-0 15. Bf1 Rfd8 16. a4 Bf8 17. Nc4 Nb6 18. Nfe3 Be7 19. a5 Nxc4 20. Bxc4 Bxc4 21. Nxc4 Rac8 22. Be3 Nd4 23. Red1 Kf7 24. Kf1 Ke6 25. Rd3 h5 26. Rad1 Nb3 27. Rd5 Rxd5 28. exd5+ Kd7 29. g4 hxg4 30. hxg4 Bd8 31. Ke2 Nxa5 32. Nxa5 Bxa5 33. Rh1 Kd6 34. c4 b5 35. b3 Bc3 36. Rh7 Rg8 37. f3 bxc4 38. bxc4 a5 39. Kd3 Bb2 40. Rh2 Rb8 41. Bd2 a4 42. Bc3 Bxc3 43. Kxc3 Rb3+ 44. Kd2 0-1

[Event "Andalucia-chT"]
[Site "Granada"]
[Date "1991.??.??"]
[Round "1"]
[White "Rodriguez Aguilera, Antonio"]
[Black "Nuevo Perez, Antonio"]
[Result "1-0"]
[WhiteElo "2350"]
[BlackElo "2250"]
[PlyCount "103"]
[EventDate "1991.??.??"]
[EventType "team"]
[EventRounds "9"]
[EventCountry "ESP"]
[SourceTitle "EXT 2000"]
[Source "ChessBase"]
[SourceDate "1999.11.16"]
[SourceVersion "1"]
[SourceVersionDate "1999.11.16"]
[SourceQuality "1"]

1. Nf3 Nf6 2. g3 g6 3. Bg2 Bg7 4. d3 c5 5. e4 Nc6 6. 0-0 0-0 7. c3 d6 8. Nbd2 e5 9. a3 Rb8 10. b4 b5 11. Bb2 Re8 12. Re1 Qb6 13. Rc1 Bb7 14. Qb3 Rbd8 15. Nf1 a5 16. Ne3 axb4 17. axb4 cxb4 18. cxb4 Ra8 19. Ra1 Ra4 20. Bc3 Rea8 21. Ng5 Qc7 22. Bh3 Rxa1 23. Rxa1 Rxa1+ 24. Bxa1 Nd8 25. Qc3 Qe7 26. Bc8 Nc6 27. Bxb7 Qxb7 28. Qb3 h6 29. Nf3 Bf8 30. Bc3 Qa7 31. Kg2 Be7 32. Nd5 Nxd5 33. Qxd5 Qb7 34. d4 Nd8 35. dxe5 Qxd5 36. exd5 Nb7 37. exd6 Nxd6 38. Nd4 Ne4 39. Nxb5 Nxc3 40. Nxc3 Bxb4 41. Ne4 f5 42. Nf6+ Kf7 43. Nd7 Bc3 44. Nb6 g5 45. f3 Kf6 46. Nc4 Bd4 47. g4 fxg4 48. fxg4 Kg6 49. Kf3 h5 50. Ke4 Bf6 51. Ne5+ Kh6 52. Kf5 1-0

[Event "Marchena"]
[Site "Marchena"]
[Date "1991.??.??"]
[Round "8"]
[White "Vega Holm, Fernando"]
[Black "Rodriguez Aguilera, Antonio"]
[Result "1-0"]
[WhiteElo "2350"]
[BlackElo "2325"]
[PlyCount "84"]
[EventDate "1991.??.??"]
[EventType "tourn"]
[EventRounds "9"]
[EventCountry "ESP"]
[SourceTitle "EXT 2002"]
[Source "ChessBase"]
[SourceDate "2001.11.25"]
[SourceVersion "1"]
[SourceVersionDate "2001.11.25"]
[SourceQuality "1"]

1. e4 d6 2. d4 g6 3. c3 Nf6 4. Bd3 Bg7 5. f4 0-0 6. Nf3 c5 7. dxc5 dxc5 8. e5 Nd5 9. Be4 Nb6 10. Qe2 f5 11. Bc2 Be6 12. Nbd2 Nc6 13. 0-0 Kh8 14. Rd1 Qc7 15. Nb3 Nd8 16. a4 Bc4 17. Qf2 Ne6 18. Be3 Rac8 19. Qh4 Be2 20. Re1 Bxf3 21. gxf3 Nd5 22. Bd2 c4 23. Nd4 Nxd4 24. cxd4 Qb6 25. Bc3 Qc6 26. Kf2 b6 27. Rg1 a6 28. Rg3 b5 29. axb5 axb5 30. Rag1 Kg8 31. Rh3 Kf7 32. Bxf5 gxf5 33. Rxg7+ Ke8 34. Bb4 Rc7 35. Bc5 b4 36. Qxh7 c3 37. bxc3 bxc3 38. Rh6 Qb7 39. Qg6+ Kd8 40. Rg8 Qb2+ 41. Kg3 Qg2+ 42. Kxg2 Nxf4+ 1-0